Diccionario abreviado latino-español, español-latino /
Guardado en:
| Formato: | Libro |
|---|---|
| Publicado: |
España :
Spes,
1960
|
| Edición: | 5a. ed. |
| Materias: | |
| Etiquetas: |
Agregar Etiqueta
Sin Etiquetas, Sea el primero en etiquetar este registro!
|
| LEADER | 00477nam a22001695a 4500 | ||
|---|---|---|---|
| 001 | CEM.cems000069 | ||
| 005 | 20060209000000.0 | ||
| 008 | 130507s1960##################000#0#####d | ||
| 003 | CEMS | ||
| 082 | 0 | 4 | |a 473.6 |
| 245 | 0 | 0 | |a Diccionario abreviado latino-español, español-latino / |
| 250 | |a 5a. ed. | ||
| 260 | |a España : |b Spes, |c 1960 | ||
| 300 | |a 310 p. | ||
| 653 | |a Diccionarios | ||
| 653 | |a Diccionario de latín | ||
| 859 | |a CEMS |b BIB. CEMS - 11 de abril |h 473.6 |i D54a5 |p 12561.83 |t Ej.1 | ||
